[Event "Tromsoesjakken op"]
[Site "Tromsoe"]
[Date "2003.11.29"]
[Round "3"]
[White "Schjelderup, Nils Jakob"]
[Black "Hansen, Ola"]
[Result "1/2-1/2"]
[WhiteElo "1587"]
[BlackElo "1473"]
[PlyCount "106"]
[EventDate "2003.11.28"]
[EventType "swiss"]
[EventRounds "6"]
[EventCountry "NOR"]
[SourceTitle "EXT 2009"]
[Source "ChessBase"]
[SourceDate "2008.11.26"]
[SourceVersion "1"]
[SourceVersionDate "2008.11.26"]
[SourceQuality "1"]

1. e4 d5 2. exd5 Nf6 3. Bb5+ Bd7 4. Bc4 Bg4 5. f3 Bf5 6. Nc3 Nbd7 7. g4 Nb6 8. d3 Nxc4 9. dxc4 Bg6 10. Be3 e5 11. Nge2 e4 12. g5 exf3 13. gxf6 fxe2 14. Qxe2 gxf6 15. Bd4+ Kd7 16. Rf1 Qe8 17. Bxf6 Rg8 18. 0-0-0 Bh6+ 19. Kb1 Qxe2 20. Nxe2 Rae8 21. Nc3 Bf8 22. a3 Bd6 23. h4 Re3 24. Bg5 Rh3 25. Rh1 Rxh1 26. Rxh1 Re8 27. h5 Be4 28. Nxe4 Rxe4 29. Rf1 Re5 30. Rxf7+ Ke8 31. Rg7 Bf8 32. Rxc7 Rxg5 33. Rxb7 Rxh5 34. Rxa7 Bc5 35. Ra5 Bd4 36. Ra6 Kd7 37. Re6 Rh4 38. c3 Rh1+ 39. Ka2 Bc5 40. b4 Bd6 41. Kb3 h5 42. Ka4 h4 43. c5 Bg3 44. Kb5 Rd1 45. c6+ Kd8 46. Rh6 Rxd5+ 47. Kc4 Rd6 48. Rh8+ Kc7 49. b5 Rd8 50. Rh7+ Kb6 51. Rb7+ Ka5 52. Ra7+ Kb6 53. Ra6+ Kc7 1/2-1/2